<?xml version="1.0" encoding="UTF-8"?>
<record
    xmlns:xsi="http://www.w3.org/2001/XMLSchema-instance"
    xsi:schemaLocation="http://www.loc.gov/MARC21/slim http://www.loc.gov/standards/marcxml/schema/MARC21slim.xsd"
    xmlns="http://www.loc.gov/MARC21/slim">

  <leader>01219nam2a22002651  4500</leader>
  <controlfield tag="001">RU\NLR\INFOCOMM16\1000002050</controlfield>
  <controlfield tag="005">20250617135734.0</controlfield>
  <datafield tag="035" ind1=" " ind2=" ">
    <subfield code="a">(NLR Aleph) 002646509</subfield>
  </datafield>
  <datafield tag="090" ind1=" " ind2=" ">
    <subfield code="a">3832010</subfield>
    <subfield code="c">3832010</subfield>
  </datafield>
  <datafield tag="100" ind1=" " ind2=" ">
    <subfield code="a">20031223d1969    |||y0rusy50      ca</subfield>
  </datafield>
  <datafield tag="101" ind1="0" ind2=" ">
    <subfield code="a">rus</subfield>
  </datafield>
  <datafield tag="102" ind1=" " ind2=" ">
    <subfield code="a">RU</subfield>
  </datafield>
  <datafield tag="105" ind1=" " ind2=" ">
    <subfield code="a">y   |||||||||</subfield>
  </datafield>
  <datafield tag="200" ind1="1" ind2=" ">
    <subfield code="a">&#x41F;&#x440;&#x438;&#x43C;&#x435;&#x43D;&#x435;&#x43D;&#x438;&#x435; &#x446;&#x432;&#x435;&#x442;&#x43D;&#x44B;&#x445; &#x434;&#x438;&#x430;&#x43F;&#x43E;&#x437;&#x438;&#x442;&#x438;&#x432;&#x43E;&#x432; &#x43F;&#x440;&#x438; &#x440;&#x430;&#x441;&#x441;&#x43B;&#x435;&#x434;&#x43E;&#x432;&#x430;&#x43D;&#x438;&#x438; &#x43F;&#x440;&#x435;&#x441;&#x442;&#x443;&#x43F;&#x43B;&#x435;&#x43D;&#x438;&#x439;</subfield>
    <subfield code="f">&#x421;&#x432;&#x435;&#x440;&#x434;&#x43B;&#x43E;&#x432; &#x411;.&#x414;.</subfield>
    <subfield code="g">&#x42F;&#x43C;&#x430;&#x43B;&#x438;&#x435;&#x432; &#x41D;.&#x41A;.</subfield>
  </datafield>
  <datafield tag="210" ind1=" " ind2=" ">
    <subfield code="d">1969</subfield>
    <subfield code="a">&#x411;. &#x43C;.</subfield>
  </datafield>
  <datafield tag="461" ind1=" " ind2="0">
    <subfield code="1">001RU\NLR\INFOCOMM16\1000002033</subfield>
    <subfield code="1">2001#$a&#x412; &#x43F;&#x43E;&#x43C;&#x43E;&#x449;&#x44C; &#x43F;&#x440;&#x43E;&#x43A;&#x443;&#x440;&#x43E;&#x440;&#x443;-&#x43A;&#x440;&#x438;&#x43C;&#x438;&#x43D;&#x430;&#x43B;&#x438;&#x441;&#x442;&#x443;$f&#x412;&#x441;&#x435;&#x441;&#x43E;&#x44E;&#x437;.&#x43D;&#x430;&#x443;&#x447;.-&#x438;&#x441;&#x441;&#x43B;&#x435;&#x434;.&#x438;&#x43D;-&#x442; &#x43A;&#x440;&#x438;&#x43C;&#x438;&#x43D;&#x430;&#x43B;&#x438;&#x441;&#x442;&#x438;&#x43A;&#x438; &#x41F;&#x440;&#x43E;&#x43A;&#x443;&#x440;&#x430;&#x442;&#x443;&#x440;&#x44B; &#x421;&#x421;&#x421;&#x420;$v&#x412;&#x44B;&#x43F;.17</subfield>
    <subfield code="9">3831864</subfield>
    <subfield code="c">&#x41C;.</subfield>
    <subfield code="d">1961-</subfield>
    <subfield code="f">&#x412;&#x441;&#x435;&#x441;&#x43E;&#x44E;&#x437;.&#x43D;&#x430;&#x443;&#x447;.-&#x438;&#x441;&#x441;&#x43B;&#x435;&#x434;.&#x438;&#x43D;-&#x442; &#x43A;&#x440;&#x438;&#x43C;&#x438;&#x43D;&#x430;&#x43B;&#x438;&#x441;&#x442;&#x438;&#x43A;&#x438; &#x41F;&#x440;&#x43E;&#x43A;&#x443;&#x440;&#x430;&#x442;&#x443;&#x440;&#x44B; &#x421;&#x421;&#x421;&#x420;</subfield>
    <subfield code="t">&#x412; &#x43F;&#x43E;&#x43C;&#x43E;&#x449;&#x44C; &#x43F;&#x440;&#x43E;&#x43A;&#x443;&#x440;&#x43E;&#x440;&#x443;-&#x43A;&#x440;&#x438;&#x43C;&#x438;&#x43D;&#x430;&#x43B;&#x438;&#x441;&#x442;&#x443;</subfield>
    <subfield code="v">&#x412;&#x44B;&#x43F;.17</subfield>
  </datafield>
  <datafield tag="700" ind1=" " ind2="1">
    <subfield code="a">&#x421;&#x432;&#x435;&#x440;&#x434;&#x43B;&#x43E;&#x432;</subfield>
    <subfield code="b">&#x411;.&#x414;.</subfield>
    <subfield code="4">070</subfield>
  </datafield>
  <datafield tag="701" ind1=" " ind2="1">
    <subfield code="a">&#x42F;&#x43C;&#x430;&#x43B;&#x438;&#x435;&#x432;</subfield>
    <subfield code="b">&#x41D;.&#x41A;.</subfield>
    <subfield code="4">070</subfield>
  </datafield>
  <datafield tag="801" ind1=" " ind2="1">
    <subfield code="a">RU</subfield>
    <subfield code="b">InfoComm</subfield>
    <subfield code="c">20031223</subfield>
  </datafield>
  <datafield tag="801" ind1=" " ind2="0">
    <subfield code="a">RU</subfield>
    <subfield code="b">NLR</subfield>
    <subfield code="g">PSBO</subfield>
  </datafield>
  <datafield tag="852" ind1=" " ind2=" ">
    <subfield code="a">NLR</subfield>
    <subfield code="j">&#x41F;22/2660</subfield>
  </datafield>
  <datafield tag="942" ind1=" " ind2=" ">
    <subfield code="c">ISSUE</subfield>
  </datafield>
  <datafield tag="980" ind1=" " ind2=" ">
    <subfield code="a">NB</subfield>
  </datafield>
  <datafield tag="980" ind1=" " ind2=" ">
    <subfield code="a">RUSPER</subfield>
  </datafield>
</record>
